000 01128nam a22003137a 4500
003 CHAP
005 20220329135326.0
008 971013s1976 r 00010 d
010 _a34429
011 _a35401
035 _a39517
040 _cCHAP
090 _aTesis
100 0 0 _aMeneses Calva, Edmundo.
_974789
245 _aInforme del servicio social sobre el programa de zootecnia del Instituto Nacional Indigenista, realizado en la reservación de la tribu yaqui, en el estado de Sonora
260 _aMéxico, D.F. :
_bEl autor,
_c1976
300 _a69 h.
_b; gráfs. ; mapas
502 _aTesis (Médico Veterinario Zootecnista) -- UNAM. Fac. de Medicina Veterinaria y Zootecnia
590 _aALEPH
_b10
_c20130110
_lUCH01
_h1300
590 _aBATCH-UPD
_b10
_c20130110
_lUCH01
_h2007
590 _aBATCH-UPD
_b10
_c20130410
_lUCH01
_h1327
590 _aBATCH-UPD
_b10
_c20130914
_lUCH01
_h1457
590 _aCONVERSION
_b10
_c20130109
_lUCH01
_h1319
650 1 4 _aGanadería
_xSonora.
_944851
650 1 4 _aServicio social rural.
_9105320
901 _aBK
942 _cTESIS
949 _bBC
_cTES
_d-90127
_eTS1
_i39517
_si
999 _c34429
_d34429